Essentials of Mathematics precalculus 1 : (Record no. 181770)
[ view plain ]
| 000 -LEADER | |
|---|---|
| fixed length control field | 01050 a2200205 4500 |
| 003 - CONTROL NUMBER IDENTIFIER | |
| control field | Nust |
| 005 - DATE AND TIME OF LATEST TRANSACTION | |
| control field | 20221110095612.0 |
| 010 ## - LIBRARY OF CONGRESS CONTROL NUMBER | |
| LC control number | 75009733 |
| 020 ## - INTERNATIONAL STANDARD BOOK NUMBER | |
| International Standard Book Number | 047141736X (v. 1) |
| 040 ## - CATALOGING SOURCE | |
| Transcribing agency | Nust |
| 082 00 - DEWEY DECIMAL CLASSIFICATION NUMBER | |
| Classification number | 512.1,HOW |
| 100 1# - MAIN ENTRY--PERSONAL NAME | |
| Personal name | Howes, Vernon E. |
| 9 (RLIN) | 102477 |
| 245 10 - TITLE STATEMENT | |
| Title | Essentials of Mathematics precalculus 1 : |
| Remainder of title | A programmed text Algebra 1 / |
| Statement of responsibility, etc. | Vernon E. Howes. |
| 260 ## - PUBLICATION, DISTRIBUTION, ETC. | |
| Place of publication, distribution, etc. | New York : |
| Name of publisher, distributor, etc. | Wiley, |
| Date of publication, distribution, etc. | [1975- |
| 300 ## - PHYSICAL DESCRIPTION | |
| Extent | 671p |
| Dimensions | 26 cm. |
| 505 ## - FORMATTED CONTENTS NOTE | |
| Formatted contents note | Introduction (Page-1), Sets (Page-11), From N to (Page-35), Polynomials (Page-71), Rational Expressions (Page-111), Other Fields and Integral Domains (Page-151), Equations (Page-187), Cartesian Products (Page-269), Functions (Page-303), Polynomial Functions (Page-257), Systems of Linear Equations (Page-411), Applications (Page-475), Exponents (Page-503), Exponential and Logarithmic Functions (Page-547), Common and Natural Logarithms (Page-595), Applications (Page-635). |
| 650 #0 - SUBJECT ADDED ENTRY--TOPICAL TERM | |
| Topical term or geographic name entry element | Mathematics |
| General subdivision | Programmed instruction. |
| 9 (RLIN) | 102478 |
| 650 #0 - SUBJECT ADDED ENTRY--TOPICAL TERM | |
| Topical term or geographic name entry element | Mathematics. |
| 942 ## - ADDED ENTRY ELEMENTS (KOHA) | |
| Source of classification or shelving scheme | |
| Koha item type | Book |
| Call number prefix | 512.1,HOW |
| Withdrawn status | Lost status | Source of classification or shelving scheme | Damaged status | Not for loan | Permanent Location | Current Location | Shelving location | Date acquired | Full call number | Barcode | Date last seen | Price effective from | Koha item type | Public note |
|---|---|---|---|---|---|---|---|---|---|---|---|---|---|---|
| Military College of Signals (MCS) | Military College of Signals (MCS) | General Stacks | 12/12/2016 | 512.1,HOW | MCS7314 | 12/08/2016 | 12/12/2016 | Book | Almirah No.10, Shelf No.6 |
